<?xml version="1.0" encoding="UTF-8"?><?xml-stylesheet type="text/xsl" href="static/style.xsl"?><OAI-PMH xmlns="http://www.openarchives.org/OAI/2.0/" xmlns:xsi="http://www.w3.org/2001/XMLSchema-instance" xsi:schemaLocation="http://www.openarchives.org/OAI/2.0/ http://www.openarchives.org/OAI/2.0/OAI-PMH.xsd"><responseDate>2026-04-14T06:48:22Z</responseDate><request verb="GetRecord" identifier="oai:www.recercat.cat:10256/22591" metadataPrefix="marc">https://recercat.cat/oai/request</request><GetRecord><record><header><identifier>oai:recercat.cat:10256/22591</identifier><datestamp>2024-05-22T11:35:00Z</datestamp><setSpec>com_2072_452966</setSpec><setSpec>com_2072_2054</setSpec><setSpec>col_2072_452968</setSpec></header><metadata><record xmlns="http://www.loc.gov/MARC21/slim" xmlns:dcterms="http://purl.org/dc/terms/" xmlns:xsi="http://www.w3.org/2001/XMLSchema-instance" xmlns:doc="http://www.lyncode.com/xoai" xsi:schemaLocation="http://www.loc.gov/MARC21/slim http://www.loc.gov/standards/marcxml/schema/MARC21slim.xsd">
   <leader>00925njm 22002777a 4500</leader>
   <datafield ind2=" " ind1=" " tag="042">
      <subfield code="a">dc</subfield>
   </datafield>
   <datafield ind2=" " ind1=" " tag="720">
      <subfield code="a">Cimpureanu, Cristian</subfield>
      <subfield code="e">author</subfield>
   </datafield>
   <datafield ind2=" " ind1=" " tag="260">
      <subfield code="c">2022-05</subfield>
   </datafield>
   <datafield ind2=" " ind1=" " tag="520">
      <subfield code="a">Algunes de les activitats que pretenen exercir els particulars comporten riscos que, en moltes ocasions, no poden ser assumits, atenent a la potencial perillositat que suposa pels interessos de tercers i, sobretot, els interessos públics. En aquest sentit, aquest treball consisteix en l’estudi de les diferents tècniques i instruments que estan a l’abast de l’Administració Pública per tal d’exercir la seva funció de control, limitació i inspecció, amb la finalitat de delimitar l’anomenat “risc permès”, les possibles conseqüències que poden sorgir a causa d’una mala gestió d’aquest risc o, simplement, de la falta d’exercici d’aquesta facultat de l’Administració, juntament amb l’anàlisi de tres àmbits en els quals la mateixa actual</subfield>
   </datafield>
   <datafield ind2=" " ind1=" " tag="520">
      <subfield code="a">Algunas de las actividades que pretenden ejercer los particulares comportan riesgos que, en muchas ocasiones, no pueden ser asumidas, atendiendo a la potencial peligrosidad que suponen para los intereses de terceros y, sobretodo, los intereses públicos. En este sentido, este trabajo consiste en el estudio de diferentes técnicas e instrumentos que están al alcance de la Administración Pública por tal de ejercer su función de control, limitación e inspección, con la finalidad de delimitar el denominado “riesgo permitido”, las posibles consecuencias que pueden surgir a causa de una mala gestión de este riesgo o, simplemente, de la falta de ejercicio de esta facultad de la Administración, juntamente con el análisis de tres ámbitos en los que la misma actúa</subfield>
   </datafield>
   <datafield ind2=" " ind1=" " tag="520">
      <subfield code="a">Some of the activities that individuals intend to carry out involve risks that, on many occasions, cannot be assumed, due to the potential danger they pose to the interests of third parties and, above all, public interests. In this sense, this work consists of the study of different techniques and instruments that are within the reach of the Public Administration in order to exercise its control, limitation and inspection function, with the purpose of delimiting the socalled “permitted risk”, the possible consequences that may arise from a bad management of this risk or, simply, from the lack of this power of the Administration, together with the analysis of three areas in which it acts</subfield>
   </datafield>
   <datafield ind1="8" ind2=" " tag="024">
      <subfield code="a">http://hdl.handle.net/10256/22591</subfield>
   </datafield>
   <datafield tag="653" ind2=" " ind1=" ">
      <subfield code="a">Control jurisdiccional de l'administració</subfield>
   </datafield>
   <datafield tag="653" ind2=" " ind1=" ">
      <subfield code="a">Procediment administratiu</subfield>
   </datafield>
   <datafield tag="653" ind2=" " ind1=" ">
      <subfield code="a">Responsabilitat patrimonial</subfield>
   </datafield>
   <datafield tag="653" ind2=" " ind1=" ">
      <subfield code="a">Administrative procedure</subfield>
   </datafield>
   <datafield tag="653" ind2=" " ind1=" ">
      <subfield code="a">Patrimonial liability</subfield>
   </datafield>
   <datafield tag="653" ind2=" " ind1=" ">
      <subfield code="a">Perill (Dret)</subfield>
   </datafield>
   <datafield tag="653" ind2=" " ind1=" ">
      <subfield code="a">Danger (Law)</subfield>
   </datafield>
   <datafield ind2="0" ind1="0" tag="245">
      <subfield code="a">Les tècniques administratives de gestió del risc : Estudi sobre l’activitat de les Administracions Públiques</subfield>
   </datafield>
</record></metadata></record></GetRecord></OAI-PMH>